000 01023nam a22002417a 4500
001 3040
003 FISKH
005 20240131151550.0
008 240131b cb ||||| |||| 00| 0 eng d
020 _a9780340999202
040 _aFISKH
_beng
_cFISKH
_dFISKH
050 _aPZ7.M894
082 _a823.92
100 _aMuchamore, Robert
245 _aPeople's republic /
_cRobert Muchamore
250 _aThis edition published 2016
260 _aLondon :
_bHodder Children's Books,
_c2006
300 _a407 pages :
_c20 cm
520 _aTwelve-year-old Ryan is CHERUB's newest recruit. He's got his first mission: infiltrating the billion-dollar Aramov criminal empire. But he's got got no idea that this routine job will lead him into an explosive adventure involving drug smugglers, illegal immigrants and human trafficking, or that his first mission will turn into one of the biggest in CHERUB's history.
650 _aMystery
_vFiction
_xAdventure
650 _aYoung Adult
_vThriller
942 _2ddc
_cBK
_n0
999 _c3040
_d3040